Más allá del 11 de septiembre : (Record no. 51523)

MARC details
000 -LEADER
campo de control de longitud fija 00948cam a22003014a 4500
001 - NÚMERO DE CONTROL
campo de control 28099
005 - FECHA Y HORA DE LA ÚLTIMA TRANSACCIÓN
campo de control 20230410120753.0
008 - DATOS DE LONGITUD FIJA--INFORMACIÓN GENERAL
campo de control de longitud fija 020912s2002 sp b 001 0 spa
035 ## - NÚMERO DE CONTROL DEL SISTEMA
Número de control de sistema 12949536
010 ## - NÚMERO DE CONTROL DE LA BIBLIOTECA DEL CONGRESO
Número de control de LC 2002496622
020 ## - NÚMERO INTERNACIONAL ESTÁNDAR DEL LIBRO
Número Internacional Estándar del Libro 8467001704
035 ## - NÚMERO DE CONTROL DEL SISTEMA
Número de control de sistema (SpBaP)pu020066778
040 ## - FUENTE DE CATALOGACIÓN
Centro catalogador/agencia de origen DLC
Centro/agencia transcriptor DLC
042 ## - CÓDIGO DE AUTENTICACIÓN
Código de autenticación pcc
050 14 - SIGNATURA TOPOGRÁFICA DE LA BIBLIOTECA DEL CONGRESO
Número de clasificación HV 6432.7
Número de ítem R741m 2002
100 1# - ENTRADA PRINCIPAL--NOMBRE DE PERSONA
Nombre de persona Rojas Marcos, Luis,
Fechas asociadas al nombre 1943-
245 10 - MENCIÓN DEL TÍTULO
Título Más allá del 11 de septiembre :
Resto del título la superación del trauma /
Mención de responsabilidad, etc. Luis Rojas Marcos.
260 ## - PUBLICACIÓN, DISTRIBUCIÓN, ETC.
Lugar de publicación, distribución, etc. [Madrid] :
Nombre del editor, distribuidor, etc. Espasa,
Fecha de publicación, distribución, etc. c2002.
300 ## - DESCRIPCIÓN FÍSICA
Extensión 156 p. ;
Dimensiones 22 cm.
440 #0 - MENCIÓN DE SERIE/PUNTO DE ACCESO ADICIONAL--TÍTULO
Título Espasa hoy
504 ## - NOTA DE BIBLIOGRAFÍA, ETC.
Nota de bibliografía, etc. Includes bibliographical references (p. 149-154) and index.
650 #0 - PUNTO DE ACCESO ADICIONAL DE MATERIA--TÉRMINO DE MATERIA
Término de materia o nombre geográfico como elemento de entrada September 11 Terrorist Attacks, 2001
Subdivisión general Psychological aspects.
650 #0 - PUNTO DE ACCESO ADICIONAL DE MATERIA--TÉRMINO DE MATERIA
Término de materia o nombre geográfico como elemento de entrada Terrorism
Subdivisión general Psychological aspects.
925 0# -
-- acquire
-- 1 shelf copy
-- policy default
942 ## - ELEMENTOS DE ENTRADA SECUNDARIOS (KOHA)
Fuente del sistema de clasificación o colocación Clasificación de Library of Congress
Tipo de ítem Koha
923 ## -
-- 20020920
-- 92059
-- SpBaP
985 ## -
-- VENDOR LOAD
Holdings
Estatus retirado Estado de pérdida Fuente del sistema de clasificación o colocación Estado de daño No para préstamo Colección Biblioteca de origen Biblioteca actual Ubicación en estantería Fecha de adquisición Serial enumeration / chronology Signatura topográfica completa Código de barras Visto por última vez Copia número Tipo de ítem Koha
    Clasificación de Library of Congress     Ciencias Sociales Biblioteca Juan Bosch Biblioteca Juan Bosch Ciencias Sociales (3er. Piso) 10/04/2023 1 HV 6432.7 R741m 2002 00000030567 24/10/2018 1